000 006500000a22001810004500
003 MACL
005 20160301175034.0
008 160301b xxu||||| |||| 00| 0 eng d
040 _aMACL
_cMACL
041 _aHindi
082 _a800
100 _aपाण्‍डेय अरविन्‍द
_941832
245 _aरीतिकालीन काव्‍य में लक्षणा क प्रयोग एक आलोचनात्‍मक अध्‍ययन
260 _bजवाहर पुस्‍तकालय
_c1966
_aमथंरा
350 _a17.50
650 _aLiterature
_941833
942 _cHIN
_k800
_2ddc
999 _c25805
_d25805